Micro perspective in tourism and hospitality (Record no. 8750)

MARC details
000 -LEADER
fixed length control field 00784nam a22002297a 4500
003 - CONTROL NUMBER IDENTIFIER
control field OSt
005 - DATE AND TIME OF LATEST TRANSACTION
control field 20260309073331.0
008 - FIXED-LENGTH DATA ELEMENTS--GENERAL INFORMATION
fixed length control field 260309b |||||||| |||| 00| 0 eng d
020 ## - INTERNATIONAL STANDARD BOOK NUMBER
International Standard Book Number 978-621-406-420-5
040 ## - CATALOGING SOURCE
Original cataloging agency DWCL Main lib
Transcribing agency OC
082 ## - DEWEY DECIMAL CLASSIFICATION NUMBER
Classification number Fil. 338.479 M626 2025
100 ## - MAIN ENTRY--PERSONAL NAME
Personal name Buenaventura, John Paul Guevarra
245 ## - TITLE STATEMENT
Title Micro perspective in tourism and hospitality
Statement of responsibility, etc. John Paul Guevarra Buenaventura
260 ## - PUBLICATION, DISTRIBUTION, ETC.
Place of publication, distribution, etc. Manila, Philippines:
Name of publisher, distributor, etc. Mindshapers,
Date of publication, distribution, etc. c2025.
300 ## - PHYSICAL DESCRIPTION
Extent x, 178 pages:
Other physical details illustrations;
Dimensions 25 cm.
504 ## - BIBLIOGRAPHY, ETC. NOTE
Bibliography, etc. note Includes bibliographical references.
650 ## - SUBJECT ADDED ENTRY--TOPICAL TERM
Topical term or geographic name entry element 1. Hospitality industry -- management.
700 ## - ADDED ENTRY--PERSONAL NAME
Personal name Elpedia M. Lago
700 ## - ADDED ENTRY--PERSONAL NAME
Personal name Liberty Buenaventure-Gutierrez
700 ## - ADDED ENTRY--PERSONAL NAME
Personal name Merceditas E. Dela Cruz
942 ## - ADDED ENTRY ELEMENTS (KOHA)
Source of classification or shelving scheme Dewey Decimal Classification
Koha item type Book-Filipiniana
Call number prefix Fil.
Suppress in OPAC No
952 ## - LOCATION AND ITEM INFORMATION (KOHA)
--
Holdings
Withdrawn status Lost status Source of classification or shelving scheme Damaged status Not for loan Home library Current library Shelving location Date acquired Cost, normal purchase price Total Checkouts Full call number Barcode Date last seen Copy number Price effective from Koha item type Uniform Resource Identifier
    Dewey Decimal Classification     HM & Nursing Library HM & Nursing Library Filipiniana 02/04/2026 410.00   Fil. 338.479 M626 2025 CL 54653 03/09/2026 c1 03/09/2026 BK - FIL